<?xml version="1.0" encoding="UTF-8"?><?xml-stylesheet type="text/xsl" href="static/style.xsl"?><OAI-PMH xmlns="http://www.openarchives.org/OAI/2.0/" xmlns:xsi="http://www.w3.org/2001/XMLSchema-instance" xsi:schemaLocation="http://www.openarchives.org/OAI/2.0/ http://www.openarchives.org/OAI/2.0/OAI-PMH.xsd"><responseDate>2026-04-18T07:57:32Z</responseDate><request verb="GetRecord" identifier="oai:www.recercat.cat:10230/60784" metadataPrefix="marc">https://recercat.cat/oai/request</request><GetRecord><record><header><identifier>oai:recercat.cat:10230/60784</identifier><datestamp>2025-12-25T20:00:01Z</datestamp><setSpec>com_2072_6</setSpec><setSpec>col_2072_452954</setSpec></header><metadata><record xmlns="http://www.loc.gov/MARC21/slim" xmlns:dcterms="http://purl.org/dc/terms/" xmlns:xsi="http://www.w3.org/2001/XMLSchema-instance" xmlns:doc="http://www.lyncode.com/xoai" xsi:schemaLocation="http://www.loc.gov/MARC21/slim http://www.loc.gov/standards/marcxml/schema/MARC21slim.xsd">
   <leader>00925njm 22002777a 4500</leader>
   <datafield ind2=" " ind1=" " tag="042">
      <subfield code="a">dc</subfield>
   </datafield>
   <datafield ind2=" " ind1=" " tag="720">
      <subfield code="a">Benito Quiñonero, Martina</subfield>
      <subfield code="e">author</subfield>
   </datafield>
   <datafield ind2=" " ind1=" " tag="720">
      <subfield code="a">Capellas Sánchez, Anna</subfield>
      <subfield code="e">author</subfield>
   </datafield>
   <datafield ind2=" " ind1=" " tag="720">
      <subfield code="a">Casas Blasi, Carla</subfield>
      <subfield code="e">author</subfield>
   </datafield>
   <datafield ind2=" " ind1=" " tag="260">
      <subfield code="c">2024-07-18T13:07:06Z</subfield>
   </datafield>
   <datafield ind2=" " ind1=" " tag="260">
      <subfield code="c">2024-07-18T13:07:06Z</subfield>
   </datafield>
   <datafield ind2=" " ind1=" " tag="260">
      <subfield code="c">2024</subfield>
   </datafield>
   <datafield ind2=" " ind1=" " tag="520">
      <subfield code="a">Tutor: Ferran Blanch</subfield>
   </datafield>
   <datafield ind2=" " ind1=" " tag="520">
      <subfield code="a">Treball de fi de grau en Publicitat i Relacions Públiques</subfield>
   </datafield>
   <datafield ind2=" " ind1=" " tag="520">
      <subfield code="a">El rebranding per a Índia Mon Amour té com a objectiu principal renovar la identitat de la botiga per fer-la més competitiva i rellevant en el mercat actual, mantenint la seva essència basada en oferir productes exclusius i de qualitat, així com un tracte personalitzat. L&amp;apos;estratègia, dirigida a l&amp;apos;exercici de 2025, busca fomentar el comerç local i mantenir les clientes actuals de la marca mitjançant accions online i offline per&#xd;
augmentar-ne la fidelització. Amb aquesta estratègia, es pretén reforçar la imatge d’Índia Mon Amour i convertir-la en una referent de les concept stores a Sitges. Aquesta proposta aspira a dotar la botiga d&amp;apos;una identitat renovada i atractiva, assegurant la seva competitivitat i rellevància a llarg termini.</subfield>
   </datafield>
   <datafield ind2=" " ind1=" " tag="520">
      <subfield code="a">The main objective of the rebranding for India Mon Amour is to renew the shop&amp;apos;s identity to make it more&#xd;
competitive and relevant in today&amp;apos;s market, while maintaining its essence based on offering exclusive and quality products, as well as a personalised service. The strategy, aimed at the 2025 financial year, seeks to promote local commerce and maintain current customers through online and offline actions to increase customer loyalty. With this strategy, the aim is to reinforce the image of India Mon Amour and make it a referent for concept stores in Sitges. This proposal aims to provide the shop with a renewed and attractive identity, ensuring its competitiveness and relevance in the long term.</subfield>
   </datafield>
   <datafield tag="653" ind2=" " ind1=" ">
      <subfield code="a">Moda</subfield>
   </datafield>
   <datafield ind2="0" ind1="0" tag="245">
      <subfield code="a">Rebranding Índia mon amour. Proposta de campanya per a l&amp;apos;exercici de 2025</subfield>
   </datafield>
</record></metadata></record></GetRecord></OAI-PMH>